Weltbewusstheit

Guardado en:
Detalles Bibliográficos
Autor principal: Moser, Ernst
Formato: Libro
Lenguaje:alemán
Publicado: Chur Aristarch 1980
Etiquetas: Agregar Etiqueta
Sin Etiquetas, Sea el primero en etiquetar este registro!

MARC

LEADER 00000nam a2200000 4500
001 c142491
005 20041019155325.0
041 0 |a ger 
044 |a DE 
245 1 0 |a Weltbewusstheit  |c Ernst Moser 
264 1 |a Chur  |b Aristarch  |c 1980 
300 |a 431 s. 
100 1 |a Moser, Ernst